How people view democracy: between stability and crisis in Latin America /

Uloženo v:
Podrobná bibliografie
Hlavní autor: Lagos, Marta
Korporace: Market and Opinion Research International, MORI
Médium: Text
Témata:
Tagy: Přidat tag
Žádné tagy, Buďte první, kdo vytvoří štítek k tomuto záznamu!

MARC

LEADER 00000 a a2200000 04500
001 29345
003
040
090 |a 191900  
100 |a Lagos, Marta  
110 |a Market and Opinion Research International  
245 |a How people view democracy: between stability and crisis in Latin America /  |c Market and Opinion Research International  
300 |a pp 137-145  
500 |a Separata de: Journal of Democracy, vol. 12, n° 1  
650 |a ESTABILIDAD POLITICA  
650 |a CULTURA POLITICA  
650 |a ANALISIS POLITICO  
650 |a DEMOCRACIA  
650 |a DEMOCRATIZACION  
650 |a DEMOCRACIA  
710 |a MORI  
999 |c 17772  |d 17772